[Event "21st Cap Aurora Open 2017"]
[Site "Cap Aurora ROU"]
[Date "2017.06.25"]
[Round "2.4"]
[White "Jugaru, Lucian"]
[Black "Anton, Teodor"]
[Result "0-1"]
[WhiteElo "1981"]
[BlackElo "2425"]
[PlyCount "70"]
[EventDate "2017.06.24"]

1. e4 c5 2. Nc3 Nc6 3. g3 g6 4. Bg2 Bg7 5. d3 e6 6. f4 Nge7 7. Nf3 d5 8. O-O
O-O 9. Rb1 Rb8 10. Ne2 b5 11. c3 b4 12. Be3 dxe4 13. dxe4 Ba6 14. Re1 bxc3 15.
bxc3 Qa5 16. e5 Nd5 17. Bd2 Rxb1 18. Qxb1 Rb8 19. Qc2 Bc4 20. Qe4 Qxa2 21. Nc1
Qa6 22. Ng5 Rb2 23. Be3 Qb5 24. Qf3 Nxe3 25. Qxe3 Ne7 26. Ne4 Nd5 27. Qxc5
Qxc5+ 28. Nxc5 Nxc3 29. N1d3 Rd2 30. Nb4 Bf8 31. Nba6 Ra2 32. Bb7 Ra5 33. Re3
Ne2+ 34. Kf2 Bxc5 35. Nxc5 Rxc5 0-1

[Event "Finala Campionatului National Individua"]
[Site "Calimanesti"]
[Date "2017.04.02"]
[Round "9.30"]
[White "Hanga, Wylly"]
[Black "Jugaru, Lucian"]
[Result "1/2-1/2"]
[WhiteElo "1951"]
[BlackElo "2009"]
[PlyCount "88"]
[EventDate "2017.03.25"]
[EventRounds "9"]

1. e4 c5 2. Nf3 d6 3. d4 cxd4 4. Nxd4 Nf6 5. Nc3 a6 6. g3 e6 7. Bg2 Qc7 8. O-O
Be7 9. Be3 Nbd7 10. Nb3 Rb8 11. a4 b6 12. Re1 Bb7 13. h3 O-O 14. Qe2 Ne5 15.
Rad1 Nc4 16. Bc1 Ba8 17. Nd2 Nxd2 18. Bxd2 b5 19. axb5 axb5 20. Bf4 e5 21. Bg5
b4 22. Bxf6 gxf6 23. Nd5 Bxd5 24. Rxd5 Rfc8 25. Rd2 Rb6 26. Bf1 Rc6 27. Qg4+
Kh8 28. Bd3 Qa7 29. b3 Rg8 30. Qf3 Rc3 31. Kg2 Qd7 32. Qe2 d5 33. exd5 Qxd5+
34. Qe4 Rd8 35. Qxd5 Rxd5 36. Rdd1 Bc5 37. Be4 Rd4 38. Rxd4 Bxd4 39. Bf5 Kg7
40. Bd3 Rc7 41. Bf5 Ra7 42. h4 h6 43. Rd1 Ra1 44. Rxa1 Bxa1 1/2-1/2

[Event "Finala Campionatului National Individua"]
[Site "Calimanesti"]
[Date "2017.04.01"]
[Round "8.31"]
[White "Tufa, Mihai"]
[Black "Jugaru, Lucian"]
[Result "1-0"]
[WhiteElo "1983"]
[BlackElo "2009"]
[PlyCount "63"]
[EventDate "2017.03.25"]
[EventRounds "9"]

1. e4 e5 2. Nf3 Nf6 3. Nc3 Nc6 4. Bb5 Bc5 5. d3 O-O 6. Bg5 h6 7. Bh4 d6 8. Qd2
Bb4 9. a3 Bxc3 10. bxc3 Nb8 11. h3 c6 12. Ba4 Qa5 13. Bxf6 gxf6 14. Bb3 Kg7 15.
g4 Rh8 16. Nh4 d5 17. f3 d4 18. cxd4 Qxd2+ 19. Kxd2 exd4 20. Rae1 Re8 21. f4 a5
22. e5 fxe5 23. Rxe5 Rxe5 24. fxe5 b5 25. Rf1 Ra7 26. Nf5+ Bxf5 27. gxf5 Nd7
28. Rg1+ Kf8 29. e6 Nc5 30. Ba2 a4 31. Rg2 f6 32. e7+ 1-0

[Event "Finala Campionatului National Individua"]
[Site "Calimanesti"]
[Date "2017.03.31"]
[Round "7.29"]
[White "Jugaru, Lucian"]
[Black "Zubcu, Vlad-George"]
[Result "1/2-1/2"]
[WhiteElo "2009"]
[BlackElo "2127"]
[PlyCount "94"]
[EventDate "2017.03.25"]
[EventRounds "9"]

1. Nf3 g6 2. g3 Bg7 3. Bg2 e5 4. d3 Ne7 5. c4 O-O 6. O-O Nbc6 7. Nc3 d6 8. a3
Bd7 9. e3 Qc8 10. Re1 Bh3 11. Bh1 h5 12. Rb1 Bg4 13. Qc2 f5 14. Nd5 Bh6 15. h4
Kg7 16. Nh2 g5 17. f4 gxh4 18. gxh4 Nxd5 19. cxd5 Ne7 20. fxe5 dxe5 21. Nf3 Kh7
22. Nxe5 Rg8 23. Kh2 Ng6 24. Nxg4 hxg4 25. h5 Nh4 26. Kg3 f4+ 27. exf4 Nf5+ 28.
Kf2 g3+ 29. Kg1 g2 30. Bxg2 Nh4 31. Re2 Qg4 32. Kf1 Nxg2 33. Rxg2 Qf3+ 34. Rf2
Qh3+ 35. Ke2 Rae8+ 36. Kd2 Bg7 37. d4+ Kh8 38. Qd3 Qh4 39. Re2 Qxf4+ 40. Kc2
Rxe2+ 41. Qxe2 Qxd4 42. Qd3 Qe5 43. Kb3 a5 44. Be3 Qd6 45. Rg1 Qe5 46. Rg2 Re8
47. h6 Bf6 1/2-1/2

[Event "Finala Campionatului National Individua"]
[Site "Calimanesti"]
[Date "2017.03.30"]
[Round "6.33"]
[White "Calinoiu, Constantin"]
[Black "Jugaru, Lucian"]
[Result "0-1"]
[WhiteElo "1653"]
[BlackElo "2009"]
[PlyCount "138"]
[EventDate "2017.03.25"]
[EventRounds "9"]

1. d4 Nf6 2. Nf3 g6 3. c4 Bg7 4. Nc3 O-O 5. e3 d6 6. Be2 Nbd7 7. O-O c5 8. d5
a6 9. h3 b5 10. cxb5 axb5 11. Bxb5 Ba6 12. Bxa6 Rxa6 13. Qe2 Qb6 14. Rb1 Rb8
15. Bd2 Qb7 16. e4 Nb6 17. b3 Nfd7 18. a4 Qa8 19. Nb5 Rb7 20. Rfc1 Qb8 21. Nxd6
exd6 22. Qxa6 Nf6 23. Re1 Nbd7 24. Qd3 Ne8 25. Bf4 Rb4 26. Bd2 Rb7 27. Rec1 h6
28. Be3 Nef6 29. g4 Qe8 30. Nd2 Rb4 31. f3 Ne5 32. Qe2 h5 33. g5 Nh7 34. h4 f6
35. Nc4 Nxc4 36. Rxc4 Rb7 37. Bf4 Qd8 38. Qh2 Rd7 39. Qg3 fxg5 40. hxg5 Bd4+
41. Kf1 Qf8 42. Ke2 h4 43. Qg4 Qd8 44. Qxh4 Nf8 45. Qg3 Rh7 46. Rcc1 Qc8 47.
Rh1 Qa6+ 48. Kd2 Qa5+ 49. b4 Qxa4 50. Rh2 Qa2+ 51. Kc1 Qa3+ 52. Kc2 Qc3+ 53.
Kd1 Qd3+ 54. Bd2 Qxb1+ 55. Ke2 Qb3 56. Rxh7 Nxh7 57. Qxd6 Nf8 58. bxc5 Qb5+ 59.
Ke1 Bxc5 60. Qe5 Qb1+ 61. Ke2 Qg1 62. Qf4 Qf2+ 63. Kd3 Nd7 64. Kc3 Bd4+ 65. Kc2
Ne5 66. Qf6 Qxf3 67. Qxf3 Nxf3 68. Bf4 Kf7 69. Kd3 Ke7 0-1

[Event "Finala Campionatului National Individua"]
[Site "Calimanesti"]
[Date "2017.03.29"]
[Round "5.34"]
[White "Jugaru, Lucian"]
[Black "Maier, Marius-Alin"]
[Result "1/2-1/2"]
[WhiteElo "2009"]
[BlackElo "1991"]
[PlyCount "115"]
[EventDate "2017.03.25"]
[EventRounds "9"]

1. d4 Nf6 2. Nf3 d5 3. e3 c6 4. c4 Bg4 5. Nbd2 e6 6. a3 c5 7. cxd5 exd5 8. dxc5
Bxc5 9. h3 Bf5 10. Nb3 Bb6 11. Nbd4 Bg6 12. Bb5+ Nbd7 13. O-O O-O 14. b4 Ne4
15. Bxd7 Qxd7 16. Ne5 Qd6 17. Nxg6 hxg6 18. Bb2 a5 19. bxa5 Rxa5 20. Nf3 Bc5
21. Be5 Qe6 22. Qb3 b6 23. Rfd1 Rd8 24. Bf4 Ra7 25. Nd4 Bxd4 26. Rxd4 Qc6 27.
Rb4 Nd2 28. Qd3 Nc4 29. a4 Rda8 30. e4 Qf6 31. Rd1 Qxf4 32. exd5 Rxa4 33. g3
Qc7 34. d6 Nxd6 35. Rxa4 Rxa4 36. Qxd6 Qxd6 37. Rxd6 Rb4 38. Rd8+ Kh7 39. Rd7
f6 40. h4 Kh6 41. Rb7 Rb1+ 42. Kg2 b5 43. Kf3 b4 44. Kg4 b3 45. Rb8 Kh7 46. Kf3
g5 47. hxg5 fxg5 48. Kg4 Kg6 49. Rb7 Kf6 50. Rb6+ Ke5 51. Kxg5 Ke4 52. f4 b2
53. g4 Ke3 54. f5 Ke4 55. Kg6 Kf3 56. g5 Kf4 57. f6 gxf6 58. Kxf6 1/2-1/2

[Event "Finala Campionatului National Individua"]
[Site "Calimanesti"]
[Date "2017.03.28"]
[Round "4.33"]
[White "Ion, Dragos-Cosmin"]
[Black "Jugaru, Lucian"]
[Result "1/2-1/2"]
[WhiteElo "1810"]
[BlackElo "2009"]
[PlyCount "129"]
[EventDate "2017.03.25"]
[EventRounds "9"]

1. e4 e5 2. Nf3 Nf6 3. Nxe5 d6 4. Nf3 Nxe4 5. d4 d5 6. Bd3 Bd6 7. O-O Bf5 8.
Re1 O-O 9. c4 c6 10. Nc3 Nxc3 11. bxc3 Bxd3 12. Qxd3 dxc4 13. Qxc4 Nd7 14. Bg5
Qc7 15. Be7 Nb6 16. Qe2 Bxe7 17. Qxe7 Rac8 18. Rac1 Nd5 19. Qxc7 Rxc7 20. c4
Nb6 21. Re2 Rd8 22. Kf1 f6 23. Ke1 g5 24. g4 h5 25. h3 h4 26. Rc3 Kf7 27. Rec2
Re7+ 28. Re3 Red7 29. Ra3 Nc8 30. Kf1 b6 31. Rb3 Ne7 32. a4 Ng6 33. Kg2 Nf4+
34. Kh2 Ne6 35. c5 bxc5 36. dxc5 Rd5 37. a5 Nxc5 38. Rbc3 Nb7 39. Rxc6 Nxa5 40.
Ra6 R8d7 41. Ra2 Nb3 42. Rxa7 Nc5 43. Rxd7+ Rxd7 44. Ne1 Ne6 45. Ng2 Rd3 46.
Ne3 Nf4 47. Rb2 Ra3 48. Rc2 Rb3 49. Ra2 Ke6 50. Rc2 Ke5 51. Nc4+ Kd4 52. Ne3
Ke4 53. Ra2 Rd3 54. Rb2 Kf3 55. Nc2 Rd1 56. Ne3 Re1 57. Rc2 Ra1 58. Nc4 Ne2 59.
Nd2+ Kxf2 60. Ne4+ Kf3 61. Nxf6 Ng3 62. Rc3+ Kf4 63. Nh5+ Nxh5 64. gxh5 g4 65.
Rc4+ 1/2-1/2

[Event "Finala Campionatului National Individua"]
[Site "Calimanesti"]
[Date "2017.03.27"]
[Round "3.33"]
[White "Jugaru, Lucian"]
[Black "Juravle, Mihnea-Marian"]
[Result "0-1"]
[WhiteElo "2009"]
[BlackElo "1868"]
[PlyCount "84"]
[EventDate "2017.03.25"]
[EventRounds "9"]

1. Nf3 c5 2. g3 Nc6 3. Bg2 g6 4. O-O Bg7 5. d3 e6 6. e4 Nge7 7. Nbd2 O-O 8. Re1
d5 9. c3 b6 10. e5 Ba6 11. d4 cxd4 12. cxd4 Rc8 13. a3 Bb7 14. b4 Nf5 15. Nb3
Ba6 16. Bg5 Qd7 17. g4 Nfe7 18. Bf1 Bxf1 19. Kxf1 h6 20. Bf6 Kh7 21. Bxg7 Kxg7
22. Re3 f5 23. exf6+ Rxf6 24. g5 hxg5 25. Nxg5 Qd6 26. Ra2 Rcf8 27. Rh3 Qf4 28.
Qd2 Qg4 29. Qc1 Rf4 30. Rg3 Qf5 31. Qe3 e5 32. dxe5 Nd8 33. Qe1 Ne6 34. Nxe6+
Qxe6 35. Rd2 Re4 36. Qc1 Nf5 37. Rc3 Ne3+ 38. Rxe3 Rxe3 39. Rd4 Qh3+ 40. Kg1
Rxb3 41. Rxd5 Qg4+ 42. Kf1 Qf5 0-1

[Event "Finala Campionatului National Individua"]
[Site "Calimanesti"]
[Date "2017.03.26"]
[Round "2.22"]
[White "Chima, Radu-Niculin"]
[Black "Jugaru, Lucian"]
[Result "1-0"]
[WhiteElo "2141"]
[BlackElo "2009"]
[PlyCount "73"]
[EventDate "2017.03.25"]
[EventRounds "9"]

1. c4 e5 2. Nc3 Nc6 3. g3 g6 4. Bg2 Bg7 5. Nf3 d6 6. O-O f5 7. d3 Nf6 8. Qa4
O-O 9. Bd2 h6 10. b4 g5 11. b5 Ne7 12. Qb3 Kh8 13. e3 Ng6 14. Ne1 f4 15. Qc2
Qe8 16. Rc1 g4 17. exf4 exf4 18. gxf4 Nh4 19. Nd5 Qh5 20. Qd1 Nxg2 21. Nxf6
Bxf6 22. Nxg2 b6 23. d4 Bxd4 24. Bc3 Bxc3 25. Rxc3 Bb7 26. Qd4+ Kg8 27. Re1
Rae8 28. Rce3 Rxe3 29. Rxe3 Re8 30. f5 Rxe3 31. Nxe3 Bf3 32. Qf6 Qg5 33. Qe6+
Kh7 34. f6 Qg6 35. Nf5 h5 36. Qd7+ Kh8 37. f7 1-0

[Event "Finala Campionatului National Individua"]
[Site "Calimanesti"]
[Date "2017.03.25"]
[Round "1.18"]
[White "Jugaru, Lucian"]
[Black "Toma, Radu Cristian"]
[Result "0-1"]
[WhiteElo "2009"]
[BlackElo "2378"]
[PlyCount "80"]
[EventDate "2017.03.25"]
[EventRounds "9"]

1. d4 Nf6 2. Nf3 e6 3. e3 c5 4. c4 cxd4 5. Nxd4 b6 6. Be2 Bb7 7. O-O Be7 8. Nc3
O-O 9. a3 Nc6 10. e4 Qb8 11. Be3 Rc8 12. f4 d6 13. f5 Nxd4 14. Qxd4 Rc5 15.
fxe6 fxe6 16. Qd3 Rc7 17. Bg5 Qd8 18. Qh3 Bc8 19. Qf3 Ba6 20. Qh3 Qd7 21. e5
dxe5 22. Bxf6 gxf6 23. Rad1 Bc5+ 24. Kh1 Qe7 25. Rd3 Kh8 26. Rdf3 f5 27. Qh5
Rg8 28. Rh3 Bb7 29. Bf3 e4 30. Nxe4 fxe4 31. Bxe4 Bxe4 32. Qe5+ Qg7 33. Qxe4
Rf7 34. Rxf7 Qxf7 35. Qe5+ Qg7 36. Qe4 Rd8 37. Rd3 Rxd3 38. Qxd3 Qd4 39. Qf1
Qxb2 40. h4 Qf2 0-1

[Event "20th Cap Aurora Open 2016"]
[Site "Cap Aurora ROU"]
[Date "2016.07.02"]
[Round "9.6"]
[White "Jugaru, Lucian"]
[Black "Baratosi, Daniel"]
[Result "1/2-1/2"]
[WhiteElo "1944"]
[BlackElo "2381"]
[PlyCount "51"]
[EventDate "2016.06.25"]

1. e4 e6 2. d3 d5 3. Nd2 a5 4. g3 a4 5. a3 c5 6. Bg2 Nc6 7. Ngf3 g6 8. O-O Bg7
9. Re1 Nge7 10. Nf1 h6 11. Rb1 dxe4 12. dxe4 O-O 13. Be3 b6 14. c3 Qc7 15. Qc2
e5 16. Rbd1 Be6 17. N3d2 g5 18. f3 f5 19. exf5 Nxf5 20. Bf2 Kh8 21. Ne3 Nd6 22.
Qd3 Rad8 23. Qe2 Bg8 24. Ne4 Ne7 25. Nxd6 Rxd6 26. Rxd6 1/2-1/2

[Event "20th Cap Aurora Open 2016"]
[Site "Cap Aurora ROU"]
[Date "2016.07.01"]
[Round "8.8"]
[White "Cosma, Elena Luminita"]
[Black "Jugaru, Lucian"]
[Result "1/2-1/2"]
[WhiteElo "2345"]
[BlackElo "1944"]
[PlyCount "75"]
[EventDate "2016.06.25"]

1. d4 Nf6 2. Nf3 g6 3. g3 Bg7 4. Bg2 O-O 5. O-O d6 6. Re1 Nbd7 7. e4 e5 8. Nc3
c6 9. a4 Qc7 10. h3 Re8 11. Be3 b6 12. Qd2 a6 13. Bh6 Bb7 14. Bxg7 Kxg7 15.
Rad1 b5 16. Nh4 h6 17. b3 b4 18. Ne2 a5 19. g4 c5 20. Ng3 Rh8 21. dxe5 dxe5 22.
g5 hxg5 23. Qxg5 Kf8 24. Bf3 Ra6 25. Be2 Rb6 26. Bc4 Nh5 27. Ng2 Nf4 28. Nxf4
exf4 29. Nf1 Rh5 30. Qg2 Ne5 31. Be2 Rh4 32. Nh2 Qe7 33. Ng4 f3 34. Bxf3 Nxf3+
35. Qxf3 f5 36. Qf4 Rxh3 37. Ne5 Re6 38. Rd7 1/2-1/2

[Event "20th Cap Aurora Open"]
[Site "?"]
[Date "2016.06.27"]
[Round "?"]
[White "Jugaru, Lucian"]
[Black "Nester, Ihor"]
[Result "0-1"]
[WhiteElo "1944"]
[BlackElo "2300"]
[PlyCount "130"]
[EventDate "2016.??.??"]

1. Nf3 f5 2. g3 Nf6 3. Bg2 g6 4. O-O Bg7 5. c4 O-O 6. Nc3 d6 7. d3 e5 8. e4 Nc6
9. a3 a5 10. Rb1 h6 11. b4 axb4 12. axb4 fxe4 13. dxe4 Be6 14. Qd3 Kh7 15. Nd5
Ne7 16. Nxf6+ Rxf6 17. Be3 Nc6 18. b5 Na5 19. Rfc1 b6 20. Ra1 Qg8 21. Ra4 Rff8
22. Nd2 Nb7 23. Rca1 Rxa4 24. Rxa4 Nc5 25. Bxc5 dxc5 26. Ra7 Rd8 27. Qe2 Rd4
28. Bf1 Qd8 29. Ra2 Bf6 30. Rc2 Bg5 31. Nf3 Rd1 32. Nxg5+ hxg5 33. g4 Qd4 34.
Kg2 Qd7 35. h3 Kg7 36. Ra2 Rd4 37. Rc2 Qf7 38. Qf3 Qf4 39. Qxf4 exf4 40. f3 Kf6
41. Kf2 Ke5 42. Be2 Rd7 43. Bf1 Kd4 44. Rc1 Rh7 45. Rc2 Rh8 46. Ra2 Kc3 47. Ra1
Rd8 48. Ke1 Kb2 49. Ra7 Rc8 50. Bd3 Kc3 51. Ra3+ Kb4 52. Ra1 Bxc4 53. Rb1+ Kc3
54. Bxc4 Kxc4 55. Ke2 Rh8 56. Rd1 Rxh3 57. Rd7 Rh2+ 58. Ke1 Kxb5 59. e5 Rh8 60.
Re7 Kc4 61. Kd2 Kd5 62. Rxc7 Kxe5 63. Rc6 Rd8+ 64. Ke2 Rd6 65. Rc8 Kd4 0-1

[Event "20th Cap Aurora Open 2016"]
[Site "Cap Aurora ROU"]
[Date "2016.06.27"]
[Round "4.11"]
[White "Vasile, Claudiu Daniel"]
[Black "Jugaru, Lucian"]
[Result "1/2-1/2"]
[WhiteElo "2241"]
[BlackElo "1944"]
[PlyCount "33"]
[EventDate "2016.06.25"]

1. e4 c5 2. Nf3 d6 3. d4 cxd4 4. Nxd4 Nf6 5. Nc3 a6 6. Bg5 Nbd7 7. f4 e6 8. Qf3
Qc7 9. O-O-O b5 10. f5 e5 11. Nb3 Bb7 12. Bxf6 Nxf6 13. Nd5 Bxd5 14. exd5 Be7
15. g4 Nd7 16. h4 h6 17. Kb1 1/2-1/2

[Event "OPEN IASI 2014"]
[Site "OPEN IASI 2014"]
[Date "2014.05.13"]
[Round "4.72"]
[White "Jugaru, Lucian"]
[Black "Fotache, Tudor-Felix"]
[Result "1/2-1/2"]
[WhiteElo "1917"]
[BlackElo "1669"]
[PlyCount "84"]
[EventDate "2014.??.??"]

1. c4 Nf6 2. g3 e6 3. Bg2 d5 4. Nf3 b6 5. Nc3 Bb7 6. Ne5 Nbd7 7. Qa4 c5 8. d3
Bd6 9. Nxd7 Qxd7 10. Qxd7+ Kxd7 11. Bg5 Be5 12. O-O-O Kc8 13. Bxf6 Bxf6 14.
cxd5 Bxc3 15. bxc3 exd5 16. e4 dxe4 17. dxe4 Kc7 18. Rhe1 Rhe8 19. Bh1 Rad8 20.
f4 f6 21. g4 h6 22. h4 b5 23. a3 a5 24. Kc2 Rxd1 25. Kxd1 Kb6 26. Kc2 c4 27.
Bf3 Kc5 28. Kd2 Bc6 29. Kc2 Re7 30. Re3 b4 31. axb4+ axb4 32. cxb4+ Kxb4 33.
Kb2 Rd7 34. e5 Bxf3 35. Rxf3 Rd2+ 36. Kc1 Re2 37. exf6 gxf6 38. g5 hxg5 39.
hxg5 fxg5 40. fxg5 Rg2 41. Rh3 c3 42. Rh1 Rxg5 {indescifrabil} 1/2-1/2

[Event "OPEN IASI 2014"]
[Site "OPEN IASI 2014"]
[Date "2014.05.12"]
[Round "3.41"]
[White "Daianu, Cristian Clement"]
[Black "Jugaru, Lucian"]
[Result "1-0"]
[WhiteElo "2203"]
[BlackElo "1917"]
[PlyCount "81"]
[EventDate "2014.??.??"]

1. e4 c6 2. Nc3 d5 3. Nf3 dxe4 4. Nxe4 Bf5 5. Ng3 Bg6 6. h4 h6 7. h5 Bh7 8. Bc4
e6 9. d3 Nf6 10. Qe2 Nbd7 11. a4 a5 12. Bd2 Nb6 13. Bb3 Nbd5 14. Kf1 Bb4 15.
Kg1 Bxd2 16. Qxd2 Qc7 17. Rh4 Rd8 18. Re1 O-O 19. Ne5 b5 20. Nf1 Kh8 21. Nh2
Nd7 22. Nhf3 Nxe5 23. Nxe5 Qe7 24. Rh3 Qb4 25. Qxb4 Nxb4 26. Ra1 f6 27. Ng6+
Bxg6 28. hxg6 bxa4 29. Rxa4 Ra8 30. d4 Nd5 31. Bxd5 cxd5 32. Rha3 Rab8 33. b3
Rfc8 34. Ra2 e5 35. Rxa5 exd4 36. Rxd5 Rd8 37. Raa5 Kg8 38. Kf1 Kf8 39. Ke2
Rbc8 40. Rxd8+ Rxd8 41. Ra7 1-0

[Event "OPEN IASI 2014"]
[Site "Iasi"]
[Date "2014.05.11"]
[Round "2.70"]
[White "Jugaru, Lucian"]
[Black "Cotruta, Alexandru-Mihai"]
[Result "1-0"]
[WhiteElo "1917"]
[BlackElo "1673"]
[PlyCount "79"]
[EventDate "2014.??.??"]

1. d4 Nf6 2. c4 g6 3. Nc3 Bg7 4. e4 d6 5. f3 O-O 6. Be3 Nbd7 7. Nge2 e5 8. d5
Ne8 9. g4 Nc5 10. Qd2 f5 11. gxf5 gxf5 12. O-O-O f4 13. Bf2 Kh8 14. Kb1 b6 15.
Nc1 Bf6 16. h4 a5 17. Nd3 Ba6 18. Be2 Bxc4 19. Nxc5 Bxe2 20. Ne6 Qe7 21. Qxe2
Rg8 22. Rdg1 Rxg1+ 23. Rxg1 Ng7 24. Nxg7 Bxg7 25. Qf1 Bf6 26. Qg2 Rf8 27. Nb5
Qf7 28. Qg4 Re8 29. h5 Qe7 30. h6 Qf7 31. Qf5 Qe7 32. Nxc7 Rf8 33. Ne6 Rf7 34.
Qg4 Qe8 35. Bxb6 Rb7 36. Bxa5 Rb8 37. Qf5 Qe7 38. Rc1 Rg8 39. Rc7 Rg1+ 40. Kc2
1-0

[Event "OPEN IASI 2014"]
[Site "Iasi"]
[Date "2014.05.10"]
[Round "1.17"]
[White "Nanu, Ciprian-Costica"]
[Black "Jugaru, Lucian"]
[Result "1-0"]
[WhiteElo "2533"]
[BlackElo "1917"]
[PlyCount "63"]
[EventDate "2014.??.??"]

1. d4 Nf6 2. Nf3 g6 3. Nbd2 Bg7 4. e4 d6 5. Bd3 Nbd7 6. O-O O-O 7. Re1 a6 8. e5
dxe5 9. dxe5 Ng4 10. e6 fxe6 11. Ne4 Nde5 12. Nxe5 Nxe5 13. Bf1 Qxd1 14. Rxd1
b5 15. a4 Bb7 16. Re1 Ng4 17. h3 Ne5 18. c3 Bd5 19. Nc5 b4 20. cxb4 Nc4 21.
Nxe6 Bxe6 22. Rxe6 Nxb2 23. Rxe7 Nd1 24. Bc4+ Kh8 25. Ra2 Rad8 26. Rd2 Bd4 27.
Kh2 Nxf2 28. Rxd4 Rxd4 29. Bb2 Rfd8 30. Rxc7 Nd1 31. Ba1 Ne3 32. Rc8 1-0

[Event "ch-ROU 2014"]
[Site "Targu Mures ROU"]
[Date "2014.05.04"]
[Round "11.28"]
[White "Jugaru, Lucian"]
[Black "Acsinte, Matei-Ionut"]
[Result "1-0"]
[WhiteElo "1917"]
[BlackElo "2095"]
[PlyCount "69"]
[EventDate "2014.04.26"]

1. Nf3 d5 2. g3 c6 3. Bg2 Nf6 4. d3 Bg4 5. Nbd2 Nbd7 6. O-O e6 7. c4 Bd6 8. Re1
Qc7 9. Qc2 O-O 10. a3 a5 11. b3 Rfe8 12. Bb2 e5 13. cxd5 Nxd5 14. Nc4 Bf8 15.
d4 exd4 16. Bxd4 b5 17. Ncd2 h6 18. e4 N5b6 19. h3 Be6 20. Bb2 a4 21. Nd4 axb3
22. Nxe6 Rxe6 23. Nxb3 Nc4 24. Nd4 Rg6 25. e5 Nxb2 26. Qxb2 Ra4 27. e6 Ne5 28.
Nxb5 cxb5 29. Rxe5 Rxe6 30. Rxb5 Rc4 31. Rb7 Qc5 32. Qb5 Qd4 33. Rf1 Rc2 34.
Qf5 Qd2 35. Qxf7+ 1-0

[Event "Targu Mures ROM, Men Ch 2014"]
[Site "Targu Mures ROM"]
[Date "2014.05.03"]
[Round "10.27"]
[White "Ifrim, Silviu"]
[Black "Jugaru, Lucian"]
[Result "1/2-1/2"]
[WhiteElo "2108"]
[BlackElo "1917"]
[PlyCount "106"]
[EventDate "2014.04.26"]
[EventType "swiss"]
[EventRounds "11"]
[EventCountry "ROM"]
[Source "Chess Mix"]

1. e4 e5 2. Nf3 Nf6 3. Nxe5 d6 4. Nf3 Nxe4 5. d4 d5 6. Bd3 Be7 7. O-O O-O 8.
Re1 Bf5 9. c3 c6 10. Qe2 Nd7 11. Nfd2 Ndf6 12. f3 Nxd2 13. Bxf5 Nxb1 14. Rxb1
h6 15. Be3 Re8 16. Qd2 Bf8 17. Bc2 Qd7 18. Qd3 Bd6 19. Qd2 Bf8 20. Bf4 Rxe1+
21. Rxe1 Re8 22. Be5 Qe6 23. g4 g6 24. h3 Bg7 25. f4 Ne4 26. Bxe4 dxe4 27. Bxg7
Kxg7 28. b3 h5 29. Qe2 hxg4 30. hxg4 f5 31. g5 Rh8 32. Qe3 Qg8 33. Kg2 Rh4 34.
Rf1 Qh8 35. d5 Rh2+ 36. Kg1 Rh1+ 37. Kf2 Qh4+ 38. Ke2 Qg4+ 39. Ke1 Rxf1+ 40.
Kxf1 Qd1+ 41. Kf2 Qxd5 42. Qxa7 Qd2+ 43. Kf1 Qxf4+ 44. Ke1 Qg3+ 45. Kf1 Qd3+
46. Kg2 Qd2+ 47. Kg1 Qd7 48. a4 f4 49. Qc5 Qe6 50. Qd4+ Kf7 51. Qh8 Ke7 52.
Qg7+ Kd6 53. Qxb7 Qh3 1/2-1/2

[Event "Targu Mures ROM, Men Ch 2014"]
[Site "Targu Mures ROM"]
[Date "2014.05.02"]
[Round "9.23"]
[White "Jugaru, Lucian"]
[Black "Bonte, Andrei-Mihai"]
[Result "0-1"]
[WhiteElo "1917"]
[BlackElo "2283"]
[PlyCount "120"]
[EventDate "2014.04.26"]
[EventType "swiss"]
[EventRounds "11"]
[EventCountry "ROM"]
[Source "Chess Mix"]

1. Nf3 d5 2. g3 Bg4 3. Bg2 Nd7 4. d3 e6 5. O-O Ngf6 6. Nbd2 Be7 7. c4 O-O 8. h3
Bxf3 9. Nxf3 c6 10. a3 a5 11. Bd2 dxc4 12. dxc4 a4 13. Qc2 Nc5 14. Rad1 Qb6 15.
Bb4 h6 16. Ne5 Qc7 17. Nd3 Nfd7 18. Nxc5 Nxc5 19. Bxc5 Bxc5 20. Rd3 Rfd8 21.
Rfd1 Rxd3 22. Rxd3 Be7 23. Qd1 Qb6 24. b4 axb3 25. Rxb3 Qc7 26. Qb1 Ra7 27. a4
Bc5 28. a5 Qxa5 29. e3 Qc7 30. Bf3 g6 31. Kg2 h5 32. Qb2 Bf8 33. Qd4 Ra2 34.
Qb6 Qxb6 35. Rxb6 Bc5 36. Rxb7 Bxe3 37. Bxc6 Rxf2+ 38. Kh1 Bd4 39. Rb1 Be5 40.
Rb3 Rc2 41. Bb5 Kg7 42. Rf3 Kf8 43. Kg1 Bd4+ 44. Kf1 e5 45. Rd3 Ke7 46. Ke1 Ke6
47. Kd1 Rh2 48. Ba6 Ra2 49. Bb7 f5 50. g4 Kf6 51. gxh5 gxh5 52. Rf3 Ra4 53. Bd5
f4 54. Rb3 Ra2 55. Rd3 Kg5 56. Be6 Rh2 57. Rd2 Rxd2+ 58. Kxd2 e4 59. Ke1 f3 60.
c5 Bxc5 0-1

[Event "Targu Mures ROM, Men Ch 2014"]
[Site "Targu Mures ROM"]
[Date "2014.05.01"]
[Round "7.36"]
[White "Jugaru, Lucian"]
[Black "Coman, Liviu"]
[Result "1-0"]
[WhiteElo "1917"]
[BlackElo "1810"]
[PlyCount "77"]
[EventDate "2014.04.26"]
[EventType "swiss"]
[EventRounds "11"]
[EventCountry "ROM"]
[Source "Chess Mix"]

1. d4 Nf6 2. Nf3 g6 3. c4 Bg7 4. Nc3 O-O 5. e4 d6 6. Be2 Nbd7 7. O-O e5 8. d5
Nc5 9. Qc2 a5 10. Be3 Na6 11. h3 Ne8 12. Ne1 f5 13. f3 f4 14. Bf2 Qg5 15. Kh2
Nf6 16. a3 Nh5 17. Nd3 Ng3 18. Rfd1 b6 19. b4 Bd7 20. c5 axb4 21. axb4 Nxe2 22.
Nxe2 Bb5 23. cxd6 cxd6 24. Bxb6 Bxd3 25. Qxd3 Nxb4 26. Qb3 Na6 27. Qb5 Nc5 28.
Bxc5 dxc5 29. Qxc5 Rac8 30. Qb4 Rb8 31. Qd2 Rfd8 32. Ra7 Bf8 33. Rc1 Bd6 34.
Rc6 Qh4 35. Qa5 Rb2 36. Rxd6 Rxd6 37. Qc7 Qf6 38. Ra8+ Rd8 39. Rxd8+ 1-0

[Event "Targu Mures ROM, Men Ch 2014"]
[Site "Targu Mures ROM"]
[Date "2014.05.01"]
[Round "8.27"]
[White "Juncu, Nicolae"]
[Black "Jugaru, Lucian"]
[Result "0-1"]
[WhiteElo "2116"]
[BlackElo "1917"]
[PlyCount "90"]
[EventDate "2014.04.26"]
[EventType "swiss"]
[EventRounds "11"]
[EventCountry "ROM"]
[Source "Chess Mix"]

1. d4 Nf6 2. Nf3 g6 3. c3 Bg7 4. Bf4 O-O 5. h3 d6 6. Nbd2 Nbd7 7. e3 a6 8. a4
Re8 9. Bc4 h6 10. Qc2 e5 11. dxe5 dxe5 12. Bg3 Qe7 13. O-O Kh7 14. Rfd1 Nh5 15.
Bh4 Bf6 16. Bxf6 Nhxf6 17. Nf1 e4 18. N3d2 Ne5 19. Be2 Nc6 20. b4 Bd7 21. Nb3
b6 22. a5 b5 23. Nc5 Bc8 24. Ng3 h5 25. Rd2 h4 26. Nf1 Nd7 27. Nxd7 Bxd7 28.
Rad1 Bf5 29. Nh2 Ne5 30. Rd5 Rad8 31. R1d4 Rxd5 32. Rxd5 c6 33. Rc5 Qe6 34. Qd1
Nd7 35. g4 hxg3 36. fxg3 Nxc5 37. g4 Nd3 38. gxf5 Qxf5 39. Ng4 Qg5 40. Bxd3
exd3 41. e4 Rxe4 42. Qxd3 f5 43. Kf1 Rf4+ 44. Nf2 Qh4 45. Qd7+ Kh6 0-1

[Event "Targu Mures ROM, Men Ch 2014"]
[Site "Targu Mures ROM"]
[Date "2014.04.30"]
[Round "6.23"]
[White "Bach, Adrian Kalman"]
[Black "Jugaru, Lucian"]
[Result "1-0"]
[WhiteElo "2244"]
[BlackElo "1917"]
[PlyCount "63"]
[EventDate "2014.04.26"]
[EventType "swiss"]
[EventRounds "11"]
[EventCountry "ROM"]
[Source "Chess Mix"]

1. e4 e5 2. Nf3 Nf6 3. Nxe5 d6 4. Nf3 Nxe4 5. c4 d5 6. Nc3 Nf6 7. d4 c6 8. cxd5
Nxd5 9. Bd3 Bb4 10. O-O O-O 11. Qc2 g6 12. Bh6 Re8 13. Rae1 Be6 14. h4 Bf8 15.
Qd2 Nd7 16. h5 Nxc3 17. bxc3 Bxh6 18. Qxh6 Qf6 19. Ng5 Nf8 20. Ne4 Qg7 21. Qf4
Nd7 22. h6 Qf8 23. Nd6 Reb8 24. c4 Nb6 25. Re3 Nc8 26. Ne4 Nb6 27. Nf6+ Kh8 28.
d5 cxd5 29. cxd5 Nxd5 30. Nxd5 Bxd5 31. Qd4+ Kg8 32. Qxd5 1-0